[Event "RF-2013-0-00152"]
[Site "LSS email"]
[Date "2013.04.24"]
[Round "?"]
[White "Chang, Henk"]
[Black "Amuso, Jose Alberto"]
[Result "1-0"]
[WhiteElo "1127"]
[BlackElo "989"]
[PlyCount "39"]
[EventDate "2013.03.17"]
[EventType "tourn (corr)"]
[EventRounds "6"]
[EventCountry "GER"]
[SourceTitle "Telechess CBM 161"]
[Source "ChessBase"]
[SourceDate "2014.07.16"]
[SourceVersion "1"]
[SourceVersionDate "2014.07.16"]
[SourceQuality "1"]

1. e4 e5 2. Nf3 d6 3. d4 exd4 4. Nxd4 Nf6 5. Nc3 c5 6. Bb5+ Bd7 7. Nf5 Bxb5 8. Nxb5 Qa5+ 9. Nc3 Nxe4 10. Qe2 d5 11. f3 Nc6 12. Bd2 0-0-0 13. fxe4 d4 14. Nd5 Qa4 15. b3 Qa3 16. 0-0 g6 17. Nh6 Bxh6 18. Rxf7 Bxd2 19. Qg4+ Kb8 20. Qg3+ 1-0

[Event "RF-2013-0-00152"]
[Site "LSS email"]
[Date "2013.04.24"]
[Round "?"]
[White "Chang, Henk"]
[Black "Garcia, Javier N"]
[Result "1-0"]
[WhiteElo "1127"]
[BlackElo "833"]
[PlyCount "53"]
[EventDate "2013.03.17"]
[EventType "tourn (corr)"]
[EventRounds "6"]
[EventCountry "GER"]
[SourceTitle "Telechess CBM 161"]
[Source "ChessBase"]
[SourceDate "2014.07.16"]
[SourceVersion "1"]
[SourceVersionDate "2014.07.16"]
[SourceQuality "1"]

1. e4 c5 2. Nf3 d6 3. d4 cxd4 4. Nxd4 Nf6 5. Nc3 a6 6. Be3 Bg4 7. f3 Bd7 8. Qd2 e5 9. Nb3 Be7 10. 0-0-0 0-0 11. g4 Nc6 12. g5 Ne8 13. Nd5 g6 14. h4 Ng7 15. Bb6 Qc8 16. Nxe7+ Nxe7 17. Qxd6 Ba4 18. Qxe7 Bxb3 19. axb3 Re8 20. Qd7 Qxd7 21. Rxd7 Nh5 22. Bc4 Rf8 23. Rxb7 a5 24. Bc5 Ng3 25. Bxf8 Rxf8 26. Rd1 Kg7 27. Rdd7 1-0

[Event "RF-2013-0-00152"]
[Site "LSS email"]
[Date "2013.04.24"]
[Round "?"]
[White "Chang, Henk"]
[Black "Tittarelli, Adriano"]
[Result "0-1"]
[WhiteElo "1127"]
[BlackElo "1100"]
[PlyCount "84"]
[EventDate "2013.03.17"]
[EventType "tourn (corr)"]
[EventRounds "6"]
[EventCountry "GER"]
[SourceTitle "Telechess CBM 161"]
[Source "ChessBase"]
[SourceDate "2014.07.16"]
[SourceVersion "1"]
[SourceVersionDate "2014.07.16"]
[SourceQuality "1"]

1. e4 g6 2. d4 d6 3. c4 Bg7 4. Nc3 c6 5. Be3 e6 6. Nf3 Ne7 7. Be2 Nd7 8. Qd2 a6 9. 0-0 0-0 10. Bh6 f5 11. Bxg7 Kxg7 12. Rad1 d5 13. exd5 exd5 14. Rfe1 Nf6 15. Ne5 Be6 16. c5 Ne4 17. Qc1 Ng8 18. f3 Nxc3 19. bxc3 Nf6 20. Qf4 Nh5 21. Qe3 Bf7 22. Rb1 Qc7 23. Bd3 Rae8 24. Qg5 Qe7 25. Qd2 Qc7 26. Qg5 Qe7 27. Qd2 Be6 28. Re2 Qc7 29. Rbe1 Bf7 30. Qg5 Bg8 31. Nxg6 hxg6 32. Rxe8 Bf7 33. R8e7 Qf4 34. Qxf4 Nxf4 35. Bf1 Rb8 36. g3 Nh5 37. Rb1 Kf6 38. Rbxb7 Rxb7 39. Rxb7 Ng7 40. Rb6 Be8 41. Bxa6 Ne6 42. a4 Ke7 0-1

[Event "RF-2013-0-00152"]
[Site "LSS email"]
[Date "2013.04.24"]
[Round "?"]
[White "Raines, David T"]
[Black "Chang, Henk"]
[Result "0-1"]
[WhiteElo "999"]
[BlackElo "1127"]
[PlyCount "38"]
[EventDate "2013.03.17"]
[EventType "tourn (corr)"]
[EventRounds "6"]
[EventCountry "GER"]
[SourceTitle "Corr 2015"]
[Source "ChessBase"]
[SourceDate "2015.07.17"]
[SourceVersion "1"]
[SourceVersionDate "2015.07.17"]
[SourceQuality "1"]

1. d4 d5 2. Nf3 Nf6 3. g3 c6 4. Bg2 Bg4 5. c3 e6 6. Qb3 b6 7. Bf4 Bd6 8. Nbd2 Bxf4 9. gxf4 0-0 10. Ne5 Bf5 11. h4 Nh5 12. e3 f6 13. Nef3 c5 14. Qd1 Nc6 15. Ng5 Nxf4 16. exf4 fxg5 17. hxg5 cxd4 18. Rc1 Qd6 19. cxd4 Nxd4 0-1

[Event "RF-2013-0-00152"]
[Site "LSS email"]
[Date "2013.04.24"]
[Round "?"]
[White "Slavin, Pablo"]
[Black "Chang, Henk"]
[Result "0-1"]
[WhiteElo "1022"]
[BlackElo "1127"]
[PlyCount "56"]
[EventDate "2013.03.17"]
[EventType "tourn (corr)"]
[EventRounds "6"]
[EventCountry "GER"]
[SourceTitle "Telechess CBM 161"]
[Source "ChessBase"]
[SourceDate "2014.07.16"]
[SourceVersion "1"]
[SourceVersionDate "2014.07.16"]
[SourceQuality "1"]

1. e4 c6 2. d4 d5 3. Nc3 dxe4 4. Nxe4 Nd7 5. Nf3 Ngf6 6. Neg5 h6 7. Nh3 g5 8. Nd2 Nb6 9. Nb3 Bxh3 10. gxh3 e6 11. Bd3 a5 12. Be3 a4 13. Nc5 Nbd5 14. Nxb7 Qb6 15. Nc5 Nxe3 16. fxe3 Bxc5 17. dxc5 Qxc5 18. Qf3 Nd5 19. 0-0 Qxe3+ 20. Qxe3 Nxe3 21. Rfe1 Nd5 22. Be4 0-0-0 23. c3 Nf4 24. Bxc6 Rd2 25. Bxa4 Rhd8 26. Rad1 Nxh3+ 27. Kh1 Nf2+ 28. Kg1 Nxd1 0-1

[Event "RF-2013-0-00152"]
[Site "LSS email"]
[Date "2013.04.24"]
[Round "?"]
[White "Venturas, Bob"]
[Black "Chang, Henk"]
[Result "0-1"]
[WhiteElo "731"]
[BlackElo "1127"]
[PlyCount "48"]
[EventDate "2013.03.17"]
[EventType "tourn (corr)"]
[EventRounds "6"]
[EventCountry "GER"]
[SourceTitle "Telechess CBM 161"]
[Source "ChessBase"]
[SourceDate "2014.07.16"]
[SourceVersion "1"]
[SourceVersionDate "2014.07.16"]
[SourceQuality "1"]

1. e4 c6 2. d4 d5 3. Nc3 dxe4 4. Nxe4 Nd7 5. Nf3 Ngf6 6. Bd3 Nxe4 7. Bxe4 Nf6 8. Bd3 Bg4 9. Be2 e6 10. a3 Bd6 11. Bg5 h6 12. Bh4 Qb6 13. b3 g5 14. Bg3 Bxg3 15. hxg3 0-0-0 16. c3 Bxf3 17. Bxf3 e5 18. Qc2 exd4 19. c4 d3 20. Qd2 Rhe8+ 21. Kf1 Ne4 22. Bxe4 Rxe4 23. b4 Qd4 24. Rxh6 Qxa1+ 0-1

[Event "BI-2013-P-00019"]
[Site "LSS email"]
[Date "2013.04.22"]
[Round "?"]
[White "Kraujunas, Vladas"]
[Black "Chang, Henk"]
[Result "1-0"]
[WhiteElo "1630"]
[BlackElo "1128"]
[PlyCount "61"]
[EventDate "2013.04.25"]
[EventType "tourn (corr)"]
[EventRounds "10"]
[EventCountry "GER"]
[SourceTitle "Telechess CBM 167"]
[Source "ChessBase"]
[SourceDate "2015.07.13"]
[SourceVersion "1"]
[SourceVersionDate "2015.07.13"]
[SourceQuality "1"]

1. e4 c6 2. d4 d5 3. Nc3 dxe4 4. Nxe4 Nd7 5. Nf3 Ngf6 6. Ng3 c5 7. Bd3 cxd4 8. Nxd4 g6 9. 0-0 Bg7 10. Qe2 0-0 11. Rd1 Nb6 12. c3 a6 13. Bc2 Qc7 14. Bb3 Rd8 15. Bg5 h6 16. Bxf6 Bxf6 17. Qe4 e6 18. Qf3 Be5 19. h4 Nc4 20. Ne4 f5 21. Qe2 Nxb2 22. Qxb2 fxe4 23. Re1 Kh8 24. Rxe4 Bf6 25. Bxe6 Bxe6 26. Rxe6 Rf8 27. Qd2 Qg7 28. Re4 Rfe8 29. Rae1 Rxe4 30. Rxe4 h5 31. Ne6 1-0

[Event "RN-2013-0-00616"]
[Site "LSS email"]
[Date "2013.03.11"]
[Round "?"]
[White "Chang, Henk"]
[Black "Alonso, Raul"]
[Result "1-0"]
[WhiteElo "1127"]
[BlackElo "1024"]
[PlyCount "47"]
[EventDate "2013.03.05"]
[EventType "tourn (corr)"]
[EventRounds "6"]
[EventCountry "GER"]
[SourceTitle "Telechess CBM 161"]
[Source "ChessBase"]
[SourceDate "2014.07.16"]
[SourceVersion "1"]
[SourceVersionDate "2014.07.16"]
[SourceQuality "1"]

1. e4 c5 2. Nf3 d6 3. d4 cxd4 4. Nxd4 e6 5. Nc3 a6 6. Be3 Nf6 7. Qd2 Be7 8. f3 0-0 9. 0-0-0 Qc7 10. g4 b5 11. Kb1 Nbd7 12. h4 Bb7 13. h5 Ne5 14. g5 Nfd7 15. g6 fxg6 16. Nxe6 Nxf3 17. Nxc7 Nxd2+ 18. Bxd2 Rac8 19. N7d5 Bxd5 20. Nxd5 Bf6 21. Bh3 Rcd8 22. Be6+ Kh8 23. hxg6 h6 24. Ba5 1-0

[Event "RN-2013-0-00616"]
[Site "LSS email"]
[Date "2013.03.10"]
[Round "?"]
[White "Venturas, Bob"]
[Black "Chang, Henk"]
[Result "0-1"]
[WhiteElo "731"]
[BlackElo "1127"]
[PlyCount "74"]
[EventDate "2013.03.05"]
[EventType "tourn (corr)"]
[EventRounds "6"]
[EventCountry "GER"]
[SourceTitle "Telechess CBM 161"]
[Source "ChessBase"]
[SourceDate "2014.07.16"]
[SourceVersion "1"]
[SourceVersionDate "2014.07.16"]
[SourceQuality "1"]

1. d4 Nf6 2. Nc3 g6 3. Nf3 d5 4. Bf4 Bg7 5. e3 Bf5 6. a3 0-0 7. h3 Nbd7 8. Bd3 Be4 9. 0-0 c5 10. Ne5 Bxd3 11. Qxd3 Rc8 12. Rad1 e6 13. Bg5 cxd4 14. exd4 Qb6 15. Na4 Qc7 16. Nc3 Nxe5 17. dxe5 Qxe5 18. Bf4 Qxf4 19. Ne2 Qc4 20. c3 Qxd3 21. Rxd3 Ne4 22. f3 Nd6 23. Re1 Rc6 24. b4 Rfc8 25. Rc1 Ra6 26. Ra1 Nb5 27. a4 Nxc3 28. Nxc3 Bxc3 29. b5 Bxa1 30. bxa6 bxa6 31. Kf2 Rc2+ 32. Kg3 g5 33. Rb3 Be5+ 34. Kg4 Rxg2+ 35. Kh5 Bf4 36. Ra3 Rh2 37. h4 Rxh4# 0-1

[Event "OP-2013-0-02682"]
[Site "LSS email"]
[Date "2013.03.10"]
[Round "?"]
[White "Vontina, Maria"]
[Black "Chang, Henk"]
[Result "0-1"]
[WhiteElo "772"]
[BlackElo "1127"]
[PlyCount "42"]
[EventDate "2013.03.07"]
[EventType "tourn (corr)"]
[EventRounds "4"]
[EventCountry "GER"]
[SourceTitle "Telechess CBM 161"]
[Source "ChessBase"]
[SourceDate "2014.07.16"]
[SourceVersion "1"]
[SourceVersionDate "2014.07.16"]
[SourceQuality "1"]

1. e4 c5 2. Nf3 d6 3. d4 cxd4 4. Nxd4 g6 5. Be3 Bg7 6. Nc3 Nf6 7. f3 0-0 8. Qd2 Nc6 9. g4 Nxd4 10. Bxd4 Bd7 11. 0-0-0 a6 12. h4 b5 13. a3 Be6 14. h5 Qa5 15. hxg6 hxg6 16. Qh2 Rfc8 17. Be2 b4 18. axb4 Qa1+ 19. Kd2 Qxb2 20. Bd3 Qxb4 21. Be2 Qxd4+ 0-1

[Event "RN-2013-0-00608"]
[Site "LSS email"]
[Date "2013.02.23"]
[Round "?"]
[White "Linart, Ludvik"]
[Black "Chang, Henk"]
[Result "0-1"]
[WhiteElo "869"]
[BlackElo "1127"]
[PlyCount "22"]
[EventDate "2013.02.14"]
[EventType "tourn (corr)"]
[EventRounds "6"]
[EventCountry "GER"]
[SourceTitle "Corr 2015"]
[Source "ChessBase"]
[SourceDate "2015.07.17"]
[SourceVersion "1"]
[SourceVersionDate "2015.07.17"]
[SourceQuality "1"]

1. d4 Nf6 2. c4 g6 3. Nc3 Bg7 4. Nf3 0-0 5. e4 d6 6. Be2 Na6 7. 0-0 c5 8. d5 Nc7 9. a3 a5 10. b4 axb4 11. axb4 Rxa1 0-1

[Event "RN-2013-0-00608"]
[Site "LSS email"]
[Date "2013.02.23"]
[Round "?"]
[White "Lombardi, Donato"]
[Black "Chang, Henk"]
[Result "0-1"]
[WhiteElo "926"]
[BlackElo "1127"]
[PlyCount "58"]
[EventDate "2013.02.14"]
[EventType "tourn (corr)"]
[EventRounds "6"]
[EventCountry "GER"]
[SourceTitle "Telechess CBM 161"]
[Source "ChessBase"]
[SourceDate "2014.07.16"]
[SourceVersion "1"]
[SourceVersionDate "2014.07.16"]
[SourceQuality "1"]

1. e4 c6 2. d4 d5 3. Nc3 dxe4 4. Nxe4 Nd7 5. Nf3 Ngf6 6. Ng3 c5 7. dxc5 e6 8. Bb5 Qa5+ 9. c3 Qxb5 10. b4 a5 11. a4 Qc4 12. Qc2 axb4 13. Nd2 Qxc3 14. Qxc3 bxc3 15. Nb1 Bxc5 16. Nxc3 Bb4 17. Bd2 Nc5 18. Nb1 Bd7 19. Bxb4 Nd3+ 20. Ke2 Nxb4 21. Nd2 Rxa4 22. Rab1 0-0 23. Nge4 Bb5+ 24. Ke1 Nd3+ 25. Kf1 Nxe4 26. Nxe4 Nf4+ 27. Ke1 Rxe4+ 28. Kd2 Rd8+ 29. Kc3 Rd3+ 0-1

[Event "OP-2013-0-02659"]
[Site "LSS email"]
[Date "2013.02.22"]
[Round "?"]
[White "Van Esbroeck, Jeff"]
[Black "Chang, Henk"]
[Result "0-1"]
[WhiteElo "686"]
[BlackElo "1127"]
[PlyCount "52"]
[EventDate "2013.02.19"]
[EventType "tourn (corr)"]
[EventRounds "4"]
[EventCountry "GER"]
[SourceTitle "Telechess CBM 161"]
[Source "ChessBase"]
[SourceDate "2014.07.16"]
[SourceVersion "1"]
[SourceVersionDate "2014.07.16"]
[SourceQuality "1"]

1. e4 c6 2. d4 d5 3. e5 Bf5 4. Nc3 e6 5. Bd3 Bxd3 6. Qxd3 c5 7. Qb5+ Nd7 8. Nf3 cxd4 9. Nxd4 Qc7 10. 0-0 a6 11. Qa4 Qxe5 12. Nf3 Qd6 13. g3 Qb4 14. Qxb4 Bxb4 15. a3 Bxc3 16. bxc3 Rc8 17. Bb2 Ngf6 18. Nd4 Ne4 19. Nf3 Nxc3 20. Bxc3 Rxc3 21. Nd4 e5 22. Rfe1 0-0 23. Nb3 Rxc2 24. Na5 b5 25. Nc6 Rxc6 26. Rac1 Rfc8 0-1

[Event "RN-2013-0-00607"]
[Site "LSS email"]
[Date "2013.02.21"]
[Round "?"]
[White "Chang, Henk"]
[Black "Newton, Daryl"]
[Result "1-0"]
[WhiteElo "1089"]
[BlackElo "602"]
[PlyCount "61"]
[EventDate "2013.02.11"]
[EventType "tourn (corr)"]
[EventRounds "6"]
[EventCountry "GER"]
[SourceTitle "Telechess CBM 159"]
[Source "ChessBase"]
[SourceDate "2014.03.17"]
[SourceVersion "1"]
[SourceVersionDate "2014.03.17"]
[SourceQuality "1"]

1. e4 e5 2. Nf3 Nf6 3. d4 d6 4. dxe5 Nxe4 5. Qe2 d5 6. c4 c6 7. cxd5 cxd5 8. Nbd2 Bb4 9. a3 Qa5 10. Rb1 Nxd2 11. Bxd2 Bxd2+ 12. Qxd2 Qc5 13. Rc1 Qxc1+ 14. Qxc1 0-0 15. Bd3 Nc6 16. 0-0 Bg4 17. Qf4 Bh5 18. Qh4 Bg6 19. Bxg6 fxg6 20. Rd1 Rad8 21. Ng5 h6 22. Ne6 g5 23. Qg3 Rxf2 24. Qxf2 Re8 25. Nxg7 Kxg7 26. Qf6+ Kh7 27. Qf7+ Kh8 28. Qxe8+ Kg7 29. Rf1 d4 30. Qf8+ Kg6 31. Qf7# 1-0

[Event "RN-2013-0-00606"]
[Site "LSS email"]
[Date "2013.02.20"]
[Round "?"]
[White "Bester, Kazimierz"]
[Black "Chang, Henk"]
[Result "0-1"]
[WhiteElo "817"]
[BlackElo "1127"]
[PlyCount "38"]
[EventDate "2013.02.09"]
[EventType "tourn (corr)"]
[EventRounds "6"]
[EventCountry "GER"]
[SourceTitle "Corr 2015"]
[Source "ChessBase"]
[SourceDate "2015.07.17"]
[SourceVersion "1"]
[SourceVersionDate "2015.07.17"]
[SourceQuality "1"]

1. f4 d5 2. Nf3 Nc6 3. e3 Nf6 4. Bb5 g6 5. 0-0 Bg7 6. d4 Bd7 7. Bd2 0-0 8. a3 a6 9. Be2 Ne4 10. Be1 e6 11. Ne5 Nxe5 12. fxe5 b5 13. c3 Bh6 14. Rf3 f6 15. Bh4 g5 16. Be1 g4 17. Rf1 Bxe3+ 18. Kh1 fxe5 19. Bxg4 Rxf1# 0-1

[Event "OP-2013-0-02655"]
[Site "LSS email"]
[Date "2013.02.20"]
[Round "?"]
[White "Chang, Henk"]
[Black "Kramskoi, Vasyl"]
[Result "1-0"]
[WhiteElo "1127"]
[BlackElo "889"]
[PlyCount "37"]
[EventDate "2013.02.17"]
[EventType "tourn (corr)"]
[EventRounds "4"]
[EventCountry "GER"]
[SourceTitle "Corr 2015"]
[Source "ChessBase"]
[SourceDate "2015.07.17"]
[SourceVersion "1"]
[SourceVersionDate "2015.07.17"]
[SourceQuality "1"]

1. e4 e5 2. Nf3 Nc6 3. Bc4 Nd4 4. Nxd4 exd4 5. 0-0 Bb4 6. c3 dxc3 7. dxc3 Bc5 8. Bxf7+ Kxf7 9. Qh5+ g6 10. Qxc5 d6 11. Qd4 Nf6 12. c4 c5 13. Qd3 b6 14. Nc3 a6 15. Bf4 Ne8 16. e5 Bf5 17. Qd5+ Be6 18. Qb7+ Bd7 19. e6+ 1-0

[Event "RN-2013-0-00606"]
[Site "LSS email"]
[Date "2013.02.20"]
[Round "?"]
[White "Chang, Henk"]
[Black "Linart, Ludvik"]
[Result "1-0"]
[WhiteElo "1127"]
[BlackElo "869"]
[PlyCount "33"]
[EventDate "2013.02.09"]
[EventType "tourn (corr)"]
[EventRounds "6"]
[EventCountry "GER"]
[SourceTitle "Corr 2015"]
[Source "ChessBase"]
[SourceDate "2015.07.17"]
[SourceVersion "1"]
[SourceVersionDate "2015.07.17"]
[SourceQuality "1"]

1. e4 e5 2. Nf3 Nf6 3. d4 exd4 4. e5 Nd5 5. Qxd4 c6 6. c4 Nb4 7. Qd1 Qa5 8. Nc3 Bc5 9. Bg5 0-0 10. a3 Qb6 11. axb4 Bxf2+ 12. Ke2 f6 13. Na4 Qxb4 14. Bd2 Qxc4+ 15. Kxf2 Qe6 16. exf6 Rxf6 17. Nb6 1-0

[Event "OP-2013-0-02654"]
[Site "LSS email"]
[Date "2013.02.20"]
[Round "?"]
[White "Chang, Henk"]
[Black "Ustimenko, Aleksandr"]
[Result "0-1"]
[WhiteElo "1127"]
[BlackElo "2012"]
[PlyCount "62"]
[EventDate "2013.02.16"]
[EventType "tourn (corr)"]
[EventRounds "4"]
[EventCountry "GER"]
[SourceTitle "Telechess CBM 161"]
[Source "ChessBase"]
[SourceDate "2014.07.16"]
[SourceVersion "1"]
[SourceVersionDate "2014.07.16"]
[SourceQuality "1"]

1. e4 c5 2. Nf3 d6 3. d4 cxd4 4. Nxd4 Nf6 5. Nc3 a6 6. f4 e5 7. Nf3 Qc7 8. a4 Be7 9. Bd3 Nc6 10. 0-0 0-0 11. Kh1 h6 12. Qe2 Nb4 13. Be3 Bd7 14. f5 Rac8 15. a5 Rfe8 16. Rfd1 d5 17. exd5 Nxd3 18. Qxd3 e4 19. Nxe4 Nxe4 20. Qxe4 Bd6 21. Qd3 Qxc2 22. Qxc2 Rxc2 23. Bd4 Bxf5 24. Rd2 Rxd2 25. Nxd2 Re2 26. Bc3 Bd3 27. Rd1 Kf8 28. Nf3 Be4 29. h4 Bxf3 30. gxf3 Rh2+ 31. Kg1 Rxh4 0-1

[Event "OP-2013-0-02655"]
[Site "LSS email"]
[Date "2013.02.20"]
[Round "?"]
[White "Garcia, Javier N"]
[Black "Chang, Henk"]
[Result "0-1"]
[WhiteElo "833"]
[BlackElo "1127"]
[PlyCount "58"]
[EventDate "2013.02.17"]
[EventType "tourn (corr)"]
[EventRounds "4"]
[EventCountry "GER"]
[SourceTitle "Telechess CBM 161"]
[Source "ChessBase"]
[SourceDate "2014.07.16"]
[SourceVersion "1"]
[SourceVersionDate "2014.07.16"]
[SourceQuality "1"]

1. e4 c6 2. d4 d5 3. e5 Bf5 4. Bd3 Bxd3 5. Qxd3 e6 6. Nf3 Qb6 7. b3 c5 8. c3 Nc6 9. Be3 cxd4 10. Nxd4 Nxe5 11. Qb5+ Nd7 12. Qxb6 Nxb6 13. 0-0 Bd6 14. Nd2 Nf6 15. Rac1 Ng4 16. g3 Nxe3 17. fxe3 0-0 18. Rf3 Rac8 19. Nb5 Bc5 20. Nxa7 Ra8 21. Nb5 Rxa2 22. Nf1 Rfa8 23. Nd4 e5 24. Nf5 R8a3 25. b4 Bf8 26. Rf2 Rxf2 27. Kxf2 Na4 28. c4 Nb2 29. c5 Nd3+ 0-1

[Event "RN-2013-0-00606"]
[Site "LSS email"]
[Date "2013.02.20"]
[Round "?"]
[White "Huseby, Juan Carlos"]
[Black "Chang, Henk"]
[Result "0-1"]
[WhiteElo "582"]
[BlackElo "1127"]
[PlyCount "68"]
[EventDate "2013.02.09"]
[EventType "tourn (corr)"]
[EventRounds "6"]
[EventCountry "GER"]
[SourceTitle "Telechess CBM 161"]
[Source "ChessBase"]
[SourceDate "2014.07.16"]
[SourceVersion "1"]
[SourceVersionDate "2014.07.16"]
[SourceQuality "1"]

1. f4 d5 2. Nf3 Nc6 3. d4 Bf5 4. a3 e6 5. Be3 Nf6 6. Ne5 Be7 7. Nd2 h5 8. Ndf3 Qd6 9. Ng5 Ng4 10. Ngxf7 Nxe3 11. Nxd6+ cxd6 12. Nxc6 Nxd1 13. Nxe7 Ne3 14. Nxf5 Nxc2+ 15. Kd2 Nxa1 16. Nxd6+ Kd7 17. Nf7 Rhc8 18. Ne5+ Ke7 19. Ng6+ Kd6 20. g3 Rc2+ 21. Ke3 Rxb2 22. Ne5 Nc2+ 23. Kd3 Rc8 24. Nf7+ Ke7 25. Ne5 Rb3+ 26. Kd2 Nxd4 27. Nd3 Rc2+ 28. Ke3 Nf5+ 29. Kf2 Rxd3 30. Bh3 Nd4 31. Rb1 Rxe2+ 32. Kf1 Rdd2 33. Rxb7+ Kd6 34. Kg1 Nf3+ 0-1

[Event "RN-2013-0-00606"]
[Site "LSS email"]
[Date "2013.02.19"]
[Round "?"]
[White "Hlavinkova, Libuska"]
[Black "Chang, Henk"]
[Result "1-0"]
[WhiteElo "1542"]
[BlackElo "1127"]
[PlyCount "77"]
[EventDate "2013.02.09"]
[EventType "tourn (corr)"]
[EventRounds "6"]
[EventCountry "GER"]
[SourceTitle "Telechess CBM 161"]
[Source "ChessBase"]
[SourceDate "2014.07.16"]
[SourceVersion "1"]
[SourceVersionDate "2014.07.16"]
[SourceQuality "1"]

1. e4 c6 2. d4 d5 3. e5 Bf5 4. Nc3 Qb6 5. Nf3 e6 6. Be2 Nd7 7. 0-0 Ne7 8. h3 h6 9. Re1 Bh7 10. b3 Nf5 11. Na4 Qd8 12. c4 Be7 13. Bd3 0-0 14. Nc3 Rc8 15. Qc2 Bg6 16. c5 b6 17. b4 Nh4 18. Bxg6 Nxg6 19. Bd2 Rb8 20. Na4 Qc8 21. g3 Qb7 22. Rab1 Rfe8 23. Rec1 Rbc8 24. Nb2 Bd8 25. a4 Ne7 26. Nd3 a6 27. Nh4 Bc7 28. Qd1 Rb8 29. Nf4 bxc5 30. bxc5 Qa7 31. Qg4 Nf8 32. Nh5 Neg6 33. Bxh6 gxh6 34. Nf6+ Kg7 35. f4 Red8 36. f5 Rxb1 37. Rxb1 Rb8 38. Rc1 Bd8 39. fxg6 1-0

[Event "FICGS class E 000147 email"]
[Site "FICGS email"]
[Date "2012.01.24"]
[Round "1"]
[White "Chang, Henk"]
[Black "Jacobs, Francois"]
[Result "1-0"]
[WhiteElo "1332"]
[BlackElo "1266"]
[PlyCount "29"]
[EventDate "2012.??.??"]
[EventType "tourn (corr)"]
[EventRounds "5"]
[SourceTitle "Corr 2022"]
[Source "ChessBase"]
[SourceDate "2021.10.24"]
[SourceVersion "1"]
[SourceVersionDate "2021.10.24"]
[SourceQuality "1"]

1. d4 d5 2. c4 e6 3. Nc3 Nf6 4. Bg5 Nbd7 5. Nf3 c6 6. e3 Be7 7. Be2 0-0 8. h4 h6 9. Bf4 dxc4 10. Bxc4 b5 11. Bb3 Bb7 12. 0-0 Nd5 13. Bg3 f5 14. Rc1 N5f6 15. Bxe6+ 1-0

[Event "FICGS class E 000147 email"]
[Site "FICGS email"]
[Date "2012.01.24"]
[Round "1"]
[White "Martinez Camacho, Victor Hugo"]
[Black "Chang, Henk"]
[Result "1-0"]
[WhiteElo "1279"]
[BlackElo "1332"]
[PlyCount "21"]
[EventDate "2012.??.??"]
[EventType "tourn (corr)"]
[EventRounds "5"]
[SourceTitle "Corr 2022"]
[Source "ChessBase"]
[SourceDate "2021.10.24"]
[SourceVersion "1"]
[SourceVersionDate "2021.10.24"]
[SourceQuality "1"]

1. e4 c6 2. d4 d5 3. Nd2 dxe4 4. Nxe4 Nd7 5. Nf3 Ngf6 6. Bd3 e6 7. 0-0 Be7 8. Bf4 0-0 9. c3 Nh5 10. Be3 Nhf6 11. Qc2 1-0